<?xml version="1.0" encoding="UTF-8"?><?xml-stylesheet type="text/xsl" href="static/style.xsl"?><OAI-PMH xmlns="http://www.openarchives.org/OAI/2.0/" xmlns:xsi="http://www.w3.org/2001/XMLSchema-instance" xsi:schemaLocation="http://www.openarchives.org/OAI/2.0/ http://www.openarchives.org/OAI/2.0/OAI-PMH.xsd"><responseDate>2026-04-17T16:11:07Z</responseDate><request verb="GetRecord" identifier="oai:www.recercat.cat:20.500.12694/7470" metadataPrefix="marc">https://recercat.cat/oai/request</request><GetRecord><record><header><identifier>oai:recercat.cat:20.500.12694/7470</identifier><datestamp>2026-01-03T08:56:19Z</datestamp><setSpec>com_2072_179042</setSpec><setSpec>col_2072_484474</setSpec></header><metadata><record xmlns="http://www.loc.gov/MARC21/slim" xmlns:dcterms="http://purl.org/dc/terms/" xmlns:xsi="http://www.w3.org/2001/XMLSchema-instance" xmlns:doc="http://www.lyncode.com/xoai" xsi:schemaLocation="http://www.loc.gov/MARC21/slim http://www.loc.gov/standards/marcxml/schema/MARC21slim.xsd">
   <leader>00925njm 22002777a 4500</leader>
   <datafield ind2=" " ind1=" " tag="042">
      <subfield code="a">dc</subfield>
   </datafield>
   <datafield ind2=" " ind1=" " tag="720">
      <subfield code="a">Álvarez Borque, Beatriz</subfield>
      <subfield code="e">author</subfield>
   </datafield>
   <datafield ind2=" " ind1=" " tag="260">
      <subfield code="c">2020-06</subfield>
   </datafield>
   <datafield ind2=" " ind1=" " tag="520">
      <subfield code="a">El treball aquí present té com a objectiu la recerca d'eines que ajudin a l'intèrpret musical a desenvolupar una pràctica instrumental saludable. Consisteix en la recopilació i l'anàlisi de factors negatius relacionats amb la pràctica instrumental, en el marc de la música clàssica, amb la finalitat de comprendre i explicar com afecten aquests factors psicològicament, emocionalment i físicament a l'intèrpret, així com quins són els efectes que tindran en l'individu i en la comunitat musical. El mètode emprat ha sigut, en primer lloc, l'observació i l'estudi personal i, posteriorment, la documentació a través d'investigacions, tesis, articles i llibres relacionats amb l'objecte d'estudi.</subfield>
   </datafield>
   <datafield ind2=" " ind1=" " tag="520">
      <subfield code="a">El trabajo aquí presente tiene como objetivo la búsqueda de herramientas que ayuden al intérprete musical a desarrollar una práctica instrumental saludable. Consiste en la recopilación y el análisis de factores negativos relacionados con la práctica instrumental, dentro del marco de la música clásica, con la finalidad de entender y explicar cómo afectan estos factores psicológica, emocionalmente y físicamente al intérprete, y cuáles son los efectos que tendrán en el individuo y en la comunidad musical. El método empleado ha sido, en primer lugar, la observación y el estudio personal y, posteriormente, la documentación a través de artículos, investigaciones, tesis y libros relacionados con el objeto de estudio.</subfield>
   </datafield>
   <datafield ind2=" " ind1=" " tag="520">
      <subfield code="a">The aim of this essay is to find tools that help the musical performer develop a healthy instrumental practice. It consists of the collection and analysis of negative factors related to instrumental practice within the framework of classical music, in order to understand and explain how these factors affect the performer psychologically, emotionally, and physically, and what effects they will have on the individual and the musical community. The method used has been, firstly, observation and personal research, and, subsequently, documentation through research articles, theses, and books related to the object of study.</subfield>
   </datafield>
   <datafield ind1="8" ind2=" " tag="024">
      <subfield code="a">http://hdl.handle.net/20.500.12694/7470</subfield>
   </datafield>
   <datafield tag="653" ind2=" " ind1=" ">
      <subfield code="a">TFG Música clàssica i contemporània</subfield>
   </datafield>
   <datafield tag="653" ind2=" " ind1=" ">
      <subfield code="a">Instrumentistes</subfield>
   </datafield>
   <datafield tag="653" ind2=" " ind1=" ">
      <subfield code="a">Música--Execució</subfield>
   </datafield>
   <datafield tag="653" ind2=" " ind1=" ">
      <subfield code="a">Pràctica de l'execució (Música)--Aspectes psicològics</subfield>
   </datafield>
   <datafield tag="653" ind2=" " ind1=" ">
      <subfield code="a">Pràctica de l'execució (Música)--Aspectes fisiològics</subfield>
   </datafield>
   <datafield tag="653" ind2=" " ind1=" ">
      <subfield code="a">Pràctica de l'execució (Música)--Aspectes socials</subfield>
   </datafield>
   <datafield tag="653" ind2=" " ind1=" ">
      <subfield code="a">Emocions en la música</subfield>
   </datafield>
   <datafield tag="653" ind2=" " ind1=" ">
      <subfield code="a">Benestar</subfield>
   </datafield>
   <datafield tag="653" ind2=" " ind1=" ">
      <subfield code="a">Música--S. XIX</subfield>
   </datafield>
   <datafield ind2="0" ind1="0" tag="245">
      <subfield code="a">La práctica de la música clásica: efectos psicológicos y sociológicos en el mundo del intérprete</subfield>
   </datafield>
</record></metadata></record></GetRecord></OAI-PMH>